000 00674cab a2200229 4500
001 ABS59609
008 090401t1998 xxu||||| |||| 00| 0 eng d
035 _a(Sirsi) u90048
041 _aeng
100 _aCampbell, H.
245 _aLesson plan
260 _c1998
350 _a0
490 _aRIBA Journal
_v105(12) December 1998, 28-35(8)
520 _aBuilding study of a primary school in Dublin, designed by O`Donnell & Tuomey. Includes floor and section plans as well as the cost specification.
650 _aDESIGN
650 _aPRIMARY SCHOOLS
650 _aSCHOOL
690 _aBUILDING AND CONSTRUCTION-PROJECTS
942 _n0
948 _c01/12/1998
999 _c57026
_d57026